<?xml version="1.0" encoding="UTF-8"?>
<record
    xmlns:xsi="http://www.w3.org/2001/XMLSchema-instance"
    xsi:schemaLocation="http://www.loc.gov/MARC21/slim http://www.loc.gov/standards/marcxml/schema/MARC21slim.xsd"
    xmlns="http://www.loc.gov/MARC21/slim">

  <leader>01086cam a2200313   4500</leader>
  <controlfield tag="001">190933</controlfield>
  <controlfield tag="003">SpMaBN</controlfield>
  <controlfield tag="005">20240612130224.0</controlfield>
  <controlfield tag="008">220830s2006    sp     | ||||  00 0 spa</controlfield>
  <datafield tag="017" ind1=" " ind2=" ">
    <subfield code="a">M 30738-2006 </subfield>
    <subfield code="b">Oficina Dep&#xF3;sito Legal Madrid</subfield>
  </datafield>
  <datafield tag="020" ind1=" " ind2=" ">
    <subfield code="a">978-84-9725-702-2</subfield>
  </datafield>
  <datafield tag="020" ind1=" " ind2=" ">
    <subfield code="a">84-9725-702-2</subfield>
  </datafield>
  <datafield tag="035" ind1=" " ind2=" ">
    <subfield code="a">(OCoLC)74884346</subfield>
  </datafield>
  <datafield tag="040" ind1=" " ind2=" ">
    <subfield code="a">SpMaBN </subfield>
    <subfield code="b">spa </subfield>
    <subfield code="c">SpMaBN </subfield>
    <subfield code="e">rdc</subfield>
  </datafield>
  <datafield tag="080" ind1=" " ind2=" ">
    <subfield code="a">341.176(4-672 UE)(094.2)</subfield>
  </datafield>
  <datafield tag="080" ind1=" " ind2=" ">
    <subfield code="a">342.7(4-672 UE)(094.2)</subfield>
  </datafield>
  <datafield tag="080" ind1=" " ind2=" ">
    <subfield code="a">342.4(4-672 UE)"2004"(094.5)</subfield>
  </datafield>
  <datafield tag="245" ind1="0" ind2="0">
    <subfield code="a">C&#xF3;digo Uni&#xF3;n Europea / </subfield>
    <subfield code="c">[consejo de redacci&#xF3;n, Alberto Alonso Ureba].</subfield>
  </datafield>
  <datafield tag="250" ind1=" " ind2=" ">
    <subfield code="a">Ed. sept. 2006.</subfield>
  </datafield>
  <datafield tag="260" ind1=" " ind2=" ">
    <subfield code="a">Las Rozas, Madrid : </subfield>
    <subfield code="b">La Ley, </subfield>
    <subfield code="c">2006.</subfield>
  </datafield>
  <datafield tag="300" ind1=" " ind2=" ">
    <subfield code="a">553 p. ; </subfield>
    <subfield code="c">21 cm + </subfield>
    <subfield code="e">1 disco (CD-ROM)</subfield>
  </datafield>
  <datafield tag="500" ind1=" " ind2=" ">
    <subfield code="a">&#xCD;ndice.</subfield>
  </datafield>
  <datafield tag="610" ind1="2" ind2="7">
    <subfield code="a">Uni&#xF3;n Europea-</subfield>
    <subfield code="v">Tratados, convenios, etc.</subfield>
    <subfield code="9">174997</subfield>
  </datafield>
  <datafield tag="700" ind1="1" ind2=" ">
    <subfield code="a">Alonso Ureba, Alberto.</subfield>
    <subfield code="9">20416</subfield>
  </datafield>
  <datafield tag="852" ind1=" " ind2=" ">
    <subfield code="a">ES-MaACL</subfield>
    <subfield code="j">A-15298</subfield>
    <subfield code="9">198122</subfield>
    <subfield code="c">DEPO1</subfield>
    <subfield code="d">Olim: L 342.4(4-672 UE) "2006" cod</subfield>
    <subfield code="d">Olim: Meseton</subfield>
  </datafield>
  <datafield tag="852" ind1=" " ind2=" ">
    <subfield code="a">ES-MaACL</subfield>
    <subfield code="j">ROT 6/3/3</subfield>
    <subfield code="9">203335 </subfield>
    <subfield code="c">ROT</subfield>
  </datafield>
  <datafield tag="942" ind1=" " ind2=" ">
    <subfield code="2">udc</subfield>
  </datafield>
  <datafield tag="999" ind1=" " ind2=" ">
    <subfield code="c">190933</subfield>
    <subfield code="d">190933</subfield>
  </datafield>
  <datafield tag="952" ind1=" " ind2=" ">
    <subfield code="0">0</subfield>
    <subfield code="1">0</subfield>
    <subfield code="2">udc</subfield>
    <subfield code="4">0</subfield>
    <subfield code="7">0</subfield>
    <subfield code="a">ATENEOM</subfield>
    <subfield code="b">ATENEOM</subfield>
    <subfield code="c">DEPO1</subfield>
    <subfield code="d">2022-08-30</subfield>
    <subfield code="l">0</subfield>
    <subfield code="o">A-15298</subfield>
    <subfield code="p">1203226</subfield>
    <subfield code="r">2023-02-23 00:00:00</subfield>
    <subfield code="w">2023-02-23</subfield>
    <subfield code="y">MONOGRAFIA</subfield>
  </datafield>
  <datafield tag="952" ind1=" " ind2=" ">
    <subfield code="0">0</subfield>
    <subfield code="1">0</subfield>
    <subfield code="2">udc</subfield>
    <subfield code="4">0</subfield>
    <subfield code="7">0</subfield>
    <subfield code="a">ATENEOM</subfield>
    <subfield code="b">ATENEOM</subfield>
    <subfield code="c">ROT</subfield>
    <subfield code="d">2024-06-11</subfield>
    <subfield code="l">0</subfield>
    <subfield code="o">ROT 6/3/3</subfield>
    <subfield code="p">101228377</subfield>
    <subfield code="r">2024-06-11 00:00:00</subfield>
    <subfield code="w">2024-06-11</subfield>
    <subfield code="y">CDROM</subfield>
  </datafield>
</record>
